Movies Quiz

Random Movies or Quote Quiz

Top 25 Screenplays Quiz Stats

 Plays Quiz Updated Sep 11, 2015

Challenge
Share
Tweet
Embed
Score 0/25 Timer 10:00
0 Plays Today
Rank Film Title % Correct
1Casablanca
80.3%
22The Shawshank Redemption
66.9%
13The Graduate
66.3%
2The Godfather
61.4%
23Gone with the Wind
61.2%
14Lawrence of Arabia
59.7%
21North by Northwest
59.1%
16Pulp Fiction
58.9%
8Network
56.3%
18On the Waterfront
49.9%
11Butch Cassidy and the Sundance Kid
49.8%
12Dr. Strangelove or: How I Learned to Stop Worrying and Love the Bomb
49.5%
20It's a Wonderful Life
47.5%
Rank Film Title % Correct
3Chinatown
47%
10The Godfather: Part II
38.2%
17Tootsie
33.4%
9Some Like It Hot
32.9%
4Citizen Kane
31.6%
19To Kill a Mockingbird
31.4%
6Annie Hall
29.5%
7Sunset Blvd.
28.3%
25The Wizard of Oz
24.9%
5All About Eve
22.8%
24Eternal Sunshine of the Spotless Mind
13.3%
15The Apartment
12.2%

You're not logged in!

Compare scores with friends on all Sporcle quizzes.
OR
Log In

You Might Also Like...

Show Comments

Extras

Top Quizzes Today


Score Distribution

Your Account Isn't Verified!

In order to create a playlist on Sporcle, you need to verify the email address you used during registration. Go to your Sporcle Settings to finish the process.

Report this User

Report this user for behavior that violates our Community Guidelines.

Details: